| 000 | 00580nam a2200217Ia 4500 | ||
|---|---|---|---|
| 003 | GCL | ||
| 008 | 140319s9999 xx 000 0 ara d | ||
| 040 |
_aGCL / _cGCL |
||
| 082 | 0 | 4 |
_a252.2 _bا ص |
| 100 | 1 | _aالسيد سابق | |
| 245 | 1 | 0 |
_aالصلاة :الطهارة : الوضوء / _cالسيد سابق |
| 260 |
_a[S.N] : _bالفتح للاعلام العربى |
||
| 300 | _a109ص | ||
| 490 | _a | ||
| 650 | 0 | 4 | _aالاسلام |
| 650 | 0 | 4 | _aالصلاة |
| 650 | 0 | 4 | _aالصوم |
| 650 | 0 | 4 | _aالعبادات |
| 650 | 0 | 4 | _aالطهارة |
| 942 |
_2ddc _cBK |
||
| 999 |
_c29403 _d29403 |
||